| 000 | 00648cam a2200205 4500 | ||
|---|---|---|---|
| 001 | L130101 | ||
| 008 | 050622n2005 000 0 eng u | ||
| 020 | _a011072481X | ||
| 035 | _a(Sirsi) u130101 | ||
| 041 | _aeng | ||
| 245 | 4 | _aThe Insolvency (Amendment) Rules 2005 | |
| 260 |
_aLondon _bOPSI _c2005 |
||
| 490 |
_aSI _v2005: 527 |
||
| 650 | _aENTERPRISE ACT 2002 | ||
| 650 | _aINSOLVENCY (AMENDMENT) RULES 2005 | ||
| 650 | _aINSOLVENCY ACT 2000 | ||
| 690 | _aMANAGEMENT-CORPORATE RECOVERY | ||
| 856 |
_uhttps://www.legislation.gov.uk/uksi/2005/527/contents/made _zView the item free of charge at www.legislation.gov.uk... |
||
| 942 | _n0 | ||
| 999 |
_c104351 _d104351 |
||